000 00796nam a2200241 i 4500
001 C2-0315900
003 PPAK
005 20180728111740.0
008 120708s2011 my a|||| ||||| | may d
040 _aPPAK
_beng
_cPPAK
_erda
082 0 4 _a959.5
_223
090 0 0 _a959.5
_bMAL
_dKK
110 2 _aMalaysia. Kementerian Penerangan Komunikasi & Kebudayaan
245 0 0 _aHari Malaysia
264 1 _a[Kuala Lumpur] :
_bMMP Communications Sdn. Bhd. ,
_c2011
300 _a16 pages :
_bcolour illustrations ;
_c27 cm.
336 _2rdacontent
_atext
337 _2rdamedia
_aunmediated
338 _2rdacarrier
_avolume
650 1 0 _aMalaysia - History. ; Malaysia - Politics and government.
710 2 _aMalaysia. Kementerian Penerangan Komunikasi & Kebudayaan
_eorganizer
942 _ddc
_cB
999 _c117048
_d117048